000 01081nam a2200313 a 4500
001 1995469
003 OSt
005 20230626092646.0
008 920821s1988 lo b 100 0 eng d
010 _a 89981179
020 _a0620121025
035 _a(OCoLC)19524681
040 _aNcD
_cNcD
_dDLC
042 _alccopycat
043 _afs-----
050 0 4 _aHD9017.S75
_bC65 1987
082 0 4 _a331.120
_bPRA
111 2 _aConference on Food Security Issues in Southern Africa
_d(1987 :
_cMaseru, Lesotho)
245 1 0 _aHuman Resources Development and Utilization in Africa
_cedited by Kwesi K. Prah.
260 _aMaseru :
_bInstitute of Southern African Studies, National University of Lesotho,
_c1988.
300 _a160p
_c21 cm.
440 0 _aSouthern African studies series ;
_vno. 4
504 _aIncludes bibliographies.
650 0 _aFood supply
_zAfrica, Southern
_xCongresses.
700 1 _aPrah, K. K.
906 _a7
_bcbc
_ccopycat
_d4
_encip
_f19
_gy-gencatlg
942 _2ddc
_cBK
999 _c2621
_d2621